| 000 | 01132naa a22003017a 4500 | ||
|---|---|---|---|
| 001 | BR8305487 | ||
| 003 | BR-BrBNA | ||
| 005 | 20250721143234.0 | ||
| 007 | ta | ||
| 008 | 250630b bl.|||m| |||| 00| 0 por d | ||
| 040 |
_aBR-BrBNA _bpor _cBiblioteca Nacional de Agricultura |
||
| 041 | _a(Pt) | ||
| 072 |
_aF00 _b0240 _bG514 |
||
| 090 | _aF00 BR8305487 | ||
| 100 | 1 | _aPetrini, J.A. | |
| 100 | 1 | _aRaupp, A.A.A. | |
| 100 | 1 | _aAranha, M.T. | |
| 100 | 1 | _aSilveira Junior, P. | |
| 111 | 1 |
_a12. Reuniao Tecnica Anual do Sorgo _cPelotas, RS (Brazil) _d9-12 Aug 1983 |
|
| 245 | 1 | _aEnsaio regional de sorgo sacarino - 1982/83 [Sorghum vulgare Saccharatum, Brasil] | |
| 500 | _aAnais da 12. Reuniao Tecnica Anual do Sorgo Pelotas, RS (Brasil): 1983. p. 226-230 (BR8305487-AMS) | ||
| 773 | 0 |
_tAnais da 12. Reuniao Tecnica Anual do Sorgo _wF00 BR8305487 _gPelotas, RS (Brasil), 1983. p. 226-230 |
|
| 650 | _aSORGO ACUCAREIRO | ||
| 650 | _aPRODUCAO VEGETAL | ||
| 490 |
_aDocumentos - Unidade de Execucao de Pesquisa de Ambito Estadual de Pelotas (Brazil) _vno. 15 |
||
| 942 |
_cAMS _2AGRIS |
||
| 909 |
_a202506 _bLúcia _c55 _dLúcia Elande |
||
| 999 |
_c334604 _d334604 |
||